| 000 | 01784nam0a2200373 i 4500 | ||
|---|---|---|---|
| 001 | RU\NLR\BIBL_A\010824274 | ||
| 005 | 20260407073940.0 | ||
| 010 |
_a9785917686332 _bНорма |
||
| 010 |
_a978-5-16-011113-1 _bИНФРА-М, print |
||
| 010 |
_a978-5-16-103179-7 _bИНФРА-М, online _9500 |
||
| 021 |
_aRU _b2015-52975 _93130 |
||
| 035 | _a(NILC)RuMoRGB-007980213 | ||
| 035 | _a(NLR Aleph) 010824274 | ||
| 090 |
_a10256548 _c10256548 |
||
| 100 | _a20150820d2015 um y0rusy50 ca | ||
| 101 | 0 | _arus | |
| 102 | _aRU | ||
| 105 | _ay|||n|||000yy | ||
| 200 | 1 |
_aКомментарий к Федеральному закону "Об общих принципах организации местного самоуправления в Российской Федерации" _f[Бабичев Игорь Викторович, д.ю.н. и др.] _gпод ред. д.ю.н. И. В. Бабичева, д.ю.н. Е. С. Шугриной |
|
| 205 | _a2-е изд., перераб. и доп. | ||
| 210 |
_aМосква _cНорма _cИНФРА-М _d2015 |
||
| 215 |
_a670, [1] с. _d22 |
||
| 225 | 1 | _aКомментарии "Нормы" | |
| 300 | _aНа обл.: 2-е изд. | ||
| 606 | 1 |
_aМестное самоуправление _jЗаконодательные материалы _jКомментарии _yРоссийская Федерация _92077686 _3RU\NLR\AUTH\661253368 |
|
| 686 | 1 | _aХ621.011.2-39(2Р) | |
| 702 | 1 |
_aБабичев _bИ. В. _gИгорь Викторович _4220 |
|
| 741 | 1 |
_aРоссийская Федерация _tЗаконы _9277893 _3RU\NLR\AUTH\883331 |
|
| 801 | 0 |
_aRU _bРГБ _c20150721 _gRCR |
|
| 801 | 1 |
_aRU _bРГБ _c20150721 _2rusmarc |
|
| 942 | _cBOOK | ||
| 980 | _aNBR | ||